5HLuxD.jpg

KING HENRY VIII SENIOR AND PRIMARY SCHOOL LIBRARY OPAC

Bloom : (Record no. 1183)

000 -LEADER
fixed length control field 01592cam a2200313 a 4500
001 - CONTROL NUMBER
control field 006356671
003 - CONTROL NUMBER IDENTIFIER
control field OSt
005 - DATE AND TIME OF LATEST TRANSACTION
control field 20220805150438.0
008 - FIXED-LENGTH DATA ELEMENTS--GENERAL INFORMATION
fixed length control field 170106s2016 xxca 001 0 eng d
010 ## - LIBRARY OF CONGRESS CONTROL NUMBER
LC control number 2017287016
020 ## - INTERNATIONAL STANDARD BOOK NUMBER
International Standard Book Number 0147530733
Qualifying information (paperback)
020 ## - INTERNATIONAL STANDARD BOOK NUMBER
International Standard Book Number 9780147530738
Qualifying information (paperback)
035 ## - SYSTEM CONTROL NUMBER
System control number (OCoLC)ocn952546250
040 ## - CATALOGING SOURCE
Original cataloging agency YDXCP
Language of cataloging eng
Transcribing agency YDXCP
Modifying agency BTCTA
-- BDX
-- JBU
-- OCLCF
-- TOH
-- OCLCQ
-- CGP
-- DLC
-- NCHU
-- KH8
Description conventions rda
042 ## - AUTHENTICATION CODE
Authentication code nbic
082 0# - DEWEY DECIMAL CLASSIFICATION NUMBER
Classification number 646.7042 LAL
100 1# - MAIN ENTRY--PERSONAL NAME
Personal name Lalonde, Estée,
Relator term author.
245 10 - TITLE STATEMENT
Title Bloom :
Remainder of title navigating life and style /
Statement of responsibility, etc. Estée Lalonde.
260 ## - PUBLICATION, DISTRIBUTION, ETC.
Place of publication, distribution, etc. Canada :
Name of publisher, distributor, etc. Appetite By Random House,
Date of publication, distribution, etc. c2016.
300 ## - PHYSICAL DESCRIPTION
Extent 255 pages :
Other physical details color illustrations ;
Dimensions 22 cm.
336 ## - CONTENT TYPE
Content type term text
Content type code txt
Source rdacontent.
337 ## - MEDIA TYPE
Media type term unmediated
Media type code n
Source rdamedia.
338 ## - CARRIER TYPE
Carrier type term volume
Carrier type code nc
Source rdacarrier.
500 ## - GENERAL NOTE
General note Includes index.
520 ## - SUMMARY, ETC.
Summary, etc. Bloom is about discovering who you are and how you interpret that through the lifestyle choices you make. 'For me, the word 'bloom' encapsulates the idea that anything is possible when you put your mind to it. It's a word that hints at becoming who you are meant to be.' What makes you happy? What makes you you? What defines your style? In Bloom, Estee Lalonde shares the moments, people and things that have made her who she is today. She reveals her life lessons, and offers her tips for surviving life and finding you Celebrate your bloom story and what makes you unique. Life * People * Work * Beauty * Fashion * Home * Travel * Food.
650 #0 - SUBJECT ADDED ENTRY--TOPICAL TERM
Topical term or geographic name entry element Beauty, Personal.
650 #0 - SUBJECT ADDED ENTRY--TOPICAL TERM
Topical term or geographic name entry element Lifestyles.
942 ## - ADDED ENTRY ELEMENTS (KOHA)
Source of classification or shelving scheme
Koha item type Books - Non Ficton
Holdings
Withdrawn status Lost status Source of classification or shelving scheme Damaged status Not for loan Collection code Permanent Location Current Location Shelving location Date acquired Full call number Barcode Date last seen Price effective from Koha item type
          Non-Fiction KH8 Senior School Library KH8 Senior School Library Non Fiction 2022-08-05 646.7042 LAL 3KHSL000101911 2022-08-05 2022-08-05 Books - Non Ficton

Powered By KH8 IT Dept